| 000 | 00596nam a2200193 i 4500 | ||
|---|---|---|---|
| 001 | 13092 | ||
| 003 | ES-MaACL | ||
| 005 | 20230906150504.0 | ||
| 007 | t| | ||
| 008 | 971125s1995 sp ||||1| spa d | ||
| 020 | _a84-87022-13-8 | ||
| 080 | _a658.5 | ||
| 100 | 1 |
_aHartley, John R. _961981 |
|
| 245 | 1 | 0 |
_aIngeniería concurrente _b: un método para acortar los plazos, mejorar la calidad y reducir los costes / _cJohn R. Hartley. |
| 260 |
_aMadrid : _bTGP-Hoshin, _cD.L. 1995. |
||
| 300 |
_aXVI, 311 p. ; _c21 cm. |
||
| 650 | 1 | 4 |
_aProducción. _916444 |
| 852 |
_aES-MaACL _jL-20384 _bR.124724 |
||
| 999 |
_c13092 _d13092 |
||